| 000 | 00522nam a2200193Ia 4500 | ||
|---|---|---|---|
| 008 | 151121s9999||||xx |||||||||||||| ||und|| | ||
| 082 | _a291।8/CHO | ||
| 082 | _bHNW-68136 | ||
| 100 | _aChowddhaury J। Krishna-Tra। | ||
| 245 | _aGayatri Rahasya | ||
| 260 | _b"The English Book Store, N। Delhi।" | ||
| 260 | _c-- | ||
| 300 | _a248 | ||
| 600 | _aChowddhaury J। Krishna-Tra। | ||
| 630 | _aGayatri Rahasya | ||
| 700 | _aChowddhaury J। Krishna-Tra। | ||
| 730 | _aGayatri Rahasya | ||
| 942 | _cBOOK | ||
| 999 |
_c1249630 _d1249627 |
||